| 000 | 00869nam a2200301 a 4500 | ||
|---|---|---|---|
| 999 |
_c3476 _d3476 |
||
| 001 | 010317496 | ||
| 003 | UkOxU | ||
| 005 | 20211117065939.0 | ||
| 008 | 900823s1987 enka 001 0 eng d | ||
| 015 | _aGB 87-36855 | ||
| 020 | _a0713145544 | ||
| 035 | _aCURL 990713145544(Bnb) from mvsc026 | ||
| 040 | _cALUPE UNIVERSITY | ||
| 050 | 0 |
_aTX353 _b.M6 1987 |
|
| 082 |
_a613.2 _219 |
||
| 092 | _aD0400665189 | ||
| 100 | 1 | _aMottram, R. F. | |
| 245 | 1 | 0 | _aHuman nutrition |
| 250 |
_a4th ed. / _bMary E. Barasi, R.F. Mottram |
||
| 260 |
_aLondon : _bEdward Arnold, _c1987 |
||
| 300 |
_aix, 230 p : _bill ; _c24 cm |
||
| 500 | _aPrevious ed.: / by R.F. Mottram. 1979 | ||
| 504 | _aBibliography: p220-222. - Includes index | ||
| 650 | 0 | _aNutrition | |
| 700 | 1 | _aBarasi, Mary E. | |
| 942 |
_2lcc _cBK _nDO |
||